|
|
|
|
| LEADER |
01947nam a2200565 i 4500 |
| 001 |
nkc20213301943 |
| 003 |
CZ PrNK |
| 005 |
20230510104204.0 |
| 007 |
ta |
| 008 |
230420t20202020xr e 000 e cze |
| 015 |
|
|
|a cnb003301943
|z cnb003275185
|
| 020 |
|
|
|a 978-80-907490-0-9
|q (soubor) :
|c Kč 200,00
|
| 020 |
|
|
|a 978-80-88383-30-7
|q (v knize neuvedeno ;
|q brožováno) :
|c Kč 20,00
|
| 035 |
|
|
|a (OCoLC)1381701789
|
| 040 |
|
|
|a ABA001
|b cze
|e rda
|
| 072 |
|
7 |
|a 791
|x Film. Cirkus. Lidová zábava
|2 Konspekt
|9 3
|
| 080 |
|
|
|a 791
|2 MRF
|
| 080 |
|
|
|a 177.3
|2 MRF
|
| 080 |
|
|
|a 165.423
|2 MRF
|
| 080 |
|
|
|a 165.12
|2 MRF
|
| 080 |
|
|
|a (0:82-4)
|2 MRF
|
| 100 |
1 |
|
|a Slováková, Andrea,
|d 1981-
|7 osa2013761006
|4 aut
|
| 245 |
1 |
0 |
|a Čemu věřit /
|c Andrea Slováková
|
| 264 |
|
1 |
|a [Praha] :
|b Nová beseda,
|c [2020]
|
| 264 |
|
4 |
|c ©2020
|
| 300 |
|
|
|a 6 nečíslovaných stran ;
|c 15 cm
|
| 336 |
|
|
|a text
|b txt
|2 rdacontent
|
| 337 |
|
|
|a bez média
|b n
|2 rdamedia
|
| 338 |
|
|
|a svazek
|b nc
|2 rdacarrier
|
| 490 |
1 |
|
|a Esej Nové besedy ;
|v 1
|
| 500 |
|
|
|a Název z obálky
|
| 500 |
|
|
|a Část nákladu distribuována s dalšími 7 svazky různých autorů ve společném kartonovém pouzdru (15 x 11 x 2 cm)
|
| 500 |
|
|
|a ISBN souboru a číslo svazku edice uvedeno pouze na pouzdru
|
| 650 |
0 |
7 |
|a film
|7 ph114534
|2 czenas
|
| 650 |
0 |
7 |
|a důvěryhodnost
|7 ph388303
|2 czenas
|
| 650 |
0 |
7 |
|a objektivita
|7 ph123585
|2 czenas
|
| 650 |
0 |
7 |
|a subjektivita
|7 ph412790
|2 czenas
|
| 650 |
0 |
9 |
|a film
|2 eczenas
|
| 650 |
0 |
9 |
|a trustworthiness
|2 eczenas
|
| 650 |
0 |
9 |
|a objectivity
|2 eczenas
|
| 650 |
0 |
9 |
|a subjectivity
|2 eczenas
|
| 655 |
|
7 |
|a eseje
|7 fd132213
|2 czenas
|
| 655 |
|
9 |
|a essays
|2 eczenas
|
| 830 |
|
0 |
|a Esej Nové besedy
|0 s
|
| 910 |
2 |
|
|a BOA001
|b S-1508.215
|
| 920 |
|
|
|a nkc20203275185
|
| 920 |
|
|
|a 001833623
|
| 990 |
|
|
|a BK
|
| 995 |
|
|
|a 01
|
| 996 |
6 |
|
|b 2610915557
|c S-1508.215
|l MZK
|r Sklad / do 24 hodin
|n 0
|p p.v.
|w 001924698
|u 000010
|a 1
|e BOA001
|j MZK50
|s P
|